1082 1880 1513 1720 1837 1041 1881 1151 1268 1198 1514 1888 1684 1852 1395 1868 1818 1028 1399 1197 1344 1998 1124 1087 1780 1269 1398 1487 1124 1740 1001 1998 1354 1150 1775 1990 1586 1343 1136 1104 1716 1209 1530 1195 1035 1174 1543 1857 1198 1651 1354 1092 1628 1651 1866 1680 1127 1696 1586 1311 1826 1658 1658 1265 1521 1829 1557 1815 1356 1950 1220 1804 1519 1005 1390 1726 1803 1584 1899 1316 1767 1293 1065 1508 1573 1644 1086 1141 1948 1710 1463 1553 1819 1726 1988 1135 1187 1076 1537 BCNSPRNW ULIB Ver.6.0+V

เปลี่ยนเป็นภาษาไทย

Change to English
 แสดงรายละเอียดบรรณานุกรม
  กลับหน้าหลัก

Brief Record : Get Marc (ISO 2709) : E-mail record : QR code < ปิดหน้าต่าง
LEADER : 00000nam 2200000uu 4500
001    13399123026
003     ULIB
008    020711s2550 th a 000 0 tha d
020    9789742052805
090    นว.^ก255พ
100    กรุง ญ.ฉัตร
245    พยาบาทหวาน /^cกรุง ญ.ฉัตร
250    พิมพ์ครั้งที่ 1
260    กรุงเทพฯ :^bคลังวิทยา,^c2550
300    304 หน้า
945    ^p150^l0^i021723
999    ^aทศพร
รายการนี้ยังไม่มีแท็ก
คุณยังไม่ได้ล็อกอิน คุณสามารถมีกิจกรรมร่วมกับเว็บไซต์ได้ แต่ต้องล็อกอินก่อน ::
  ล็อกอิน

รายการสื่อสารสนเทศ

ลำดับที่ ประเภท เลขเรียก/บาร์โค้ด สถานที่ สถานะ
1. นวนิยาย
นวนิยาย
นว.^ก255พ ฉ.1 
  Barcode: 021723
ห้องสมุดวิทยาเขตสวรรค์ประชารักษ์
►นวนิยาย
บนชั้น
  ขอยืม

BibComment


ยังไม่เคยถูกคอมเมนท์

คอมเมนท์ทรัพยากรรายการนี้
  คอมเมนท์: พยาบาทหวาน กรุง ..


 Copyright 2026. Bcnsprnw @Library